Atlanta Hawks: Leading Scorer Every Year - Statistics

General Stats
  • This quiz has been taken 1,511 times
    67 since last reset
  • The average score is 45 of 77
Answer Stats
Year Player Average % Correct
2019-2020 Trae Young 29.6
100%
2020-2021 Trae Young 25.3
100%
2021-2022 Trae Young 28.4
100%
2022-2023 Trae Young 26.2
100%
2023-2024 Trae Young 25.7
100%
2024-2025 Trae Young 24.2
100%
2025-2026 Jalen Johnson 22.5
93%
2005-2006 Joe Johnson 20.2
91%
2006-2007 Joe Johnson 25.0
91%
2007-2008 Joe Johnson 21.7
91%
2008-2009 Joe Johnson 21.4
91%
2009-2010 Joe Johnson 21.3
91%
2010-2011 Joe Johnson 18.2
91%
2011-2012 Joe Johnson 18.8
91%
1983-1984 Dominique Wilkins 21.6
90%
1984-1985 Dominique Wilkins 27.4
90%
1985-1986 Dominique Wilkins 30.3
90%
1986-1987 Dominique Wilkins 29.0
90%
1987-1988 Dominique Wilkins 30.7
90%
1988-1989 Dominique Wilkins 26.2
90%
1989-1990 Dominique Wilkins 26.7
90%
1990-1991 Dominique Wilkins 25.9
90%
1991-1992 Dominique Wilkins 28.1
90%
1992-1993 Dominique Wilkins 29.9
90%
1993-1994 Dominique Wilkins 24.4
90%
1954-1955 Bob Pettit 20.4
86%
1955-1956 Bob Pettit 25.7
86%
1956-1957 Bob Pettit 24.7
86%
1957-1958 Bob Pettit 24.6
86%
1958-1959 Bob Pettit 29.2
86%
1959-1960 Bob Pettit 26.1
86%
1960-1961 Bob Pettit 27.9
86%
1961-1962 Bob Pettit 31.1
86%
1962-1963 Bob Pettit 28.4
86%
1963-1964 Bob Pettit 27.4
86%
1964-1965 Bob Pettit 22.5
86%
2013-2014 Al Horford 18.6
78%
2014-2015 Paul Millsap 16.7
69%
2015-2016 Paul Millsap 17.1
69%
2016-2017 Paul Millsap 18.1
69%
2012-2013 Josh Smith 17.5
55%
1995-1996 Steve Smith 18.1
55%
1996-1997 Steve Smith 20.1
55%
1997-1998 Steve Smith 20.1
55%
1998-1999 Steve Smith 18.7
55%
1966-1967 Lou Hudson 18.4
41%
1968-1969 Lou Hudson 21.9
41%
1969-1970 Lou Hudson 25.4
41%
1970-1971 Lou Hudson 26.8
41%
1971-1972 Lou Hudson 24.7
41%
1972-1973 Lou Hudson 27.1
41%
1974-1975 Lou Hudson 22.0
41%
1973-1974 Pete Maravich 27.7
36%
2017-2018 Dennis Schroder 19.4
34%
2001-2002 Shareef Abdur-Rahim 21.2
31%
2003-2004 Shareef Abdur-Rahim 20.1
31%
2018-2019 John Collins 19.5
28%
1994-1995 Kevin Willis 21.0
24%
2000-2001 Jason Terry 19.7
16%
1975-1976 John Drew 21.6
16%
1976-1977 John Drew 24.2
16%
1977-1978 John Drew 23.2
16%
1978-1979 John Drew 22.7
16%
1979-1980 John Drew 19.5
16%
1980-1981 John Drew 21.7
16%
2004-2005 Antoine Walker 20.4
10%
1981-1982 Dan Roundfield 18.6
10%
1982-1983 Dan Roundfield 19.0
10%
2002-2003 Glenn Robinson 20.8
7%
1965-1966 Zelmo Beaty 20.7
7%
1967-1968 Zelmo Beaty 21.1
7%
1950-1951 Frankie Brian 16.8
2%
1999-2000 Isaiah Rider 19.3
2%
1952-1953 Jack Nichols 15.8
2%
1953-1954 Max Zaslofsky 15.1
2%
1951-1952 Don Otten 13.0
0%
1949-1950 Mike Todorovich 13.6
0%
No matching quizzes found
Score Distribution
Percent of People with Each Score
Percentile by Number Answered
Your Score History
You have not taken this quiz since the last reset